默写2023年3月起在任的中华人民共和国正副国级领导人名单 - Statistics

General Stats
  • This quiz has been taken 96 times
  • The average score is 17 of 66
Answer Stats
Answer % Correct
习近平
100%
李强
97%
韩正
86%
王沪宁
80%
蔡奇
80%
赵乐际
77%
李希
74%
丁薛祥
70%
王毅
61%
张又侠
46%
陈吉宁
45%
胡春华
42%
陈敏尔
38%
王小洪
35%
马兴瑞
33%
尹力
32%
袁家军
32%
黄坤明
30%
刘国中
29%
张国清
29%
李鸿忠
28%
何卫东
28%
谌贻琴
26%
李干杰
25%
李书磊
25%
何立峰
25%
石泰峰
23%
陈文清
23%
应勇
23%
铁凝
22%
吴政隆
22%
丁仲礼
19%
刘金国
17%
张军
17%
周强
14%
帕巴拉·格列朗杰
14%
梁振英
13%
张庆伟
12%
沈跃跃
12%
何厚铧
10%
肖捷
9%
彭清华
9%
洛桑江村
9%
雪克来提·扎克尔
9%
王勇
9%
巴特尔
9%
王东明
7%
郑建邦
7%
郝明金
7%
蔡达峰
7%
苏辉
7%
咸辉
7%
王东峰
7%
何报翔
7%
何维
6%
武维华
6%
邵鸿
6%
高云龙
6%
陈武
6%
穆虹
6%
姜信治
6%
蒋作君
6%
王光谦
6%
秦博勇
6%
朱永新
6%
杨震
6%
No matching quizzes found
Score Distribution
Percent of People with Each Score
Percentile by Number Answered
Your Score History
You have not taken this quiz